La impugnación de los acuerdos de la administración central por los organismos autónomos / (Record no. 22808)

MARC details
000 -LEADER
campo de control de longitud fija 00689nam a2200181 i 4500
001 - NÚMERO DE CONTROL
campo de control 22808
003 - IDENTIFICADOR DE NÚMERO DE CONTROL
campo de control ES-MaACL
005 - FECHA Y HORA DE LA ÚLTIMA TRANSACCIÓN
campo de control 20230906152747.0
007 - CAMPO FIJO DE DESCRIPCIÓN FÍSICA--INFORMACIÓN GENERAL
campo de control de longitud fija t|
008 - DATOS DE LONGITUD FIJA--INFORMACIÓN GENERAL
campo de control de longitud fija 021204s1968 sp ||||1| spa d
100 1# - ENTRADA PRINCIPAL--NOMBRE DE PERSONA
Nombre de persona Álvarez Rico, Manuel.
9 (RLIN) 20933
245 13 - MENCIÓN DEL TÍTULO
Título La impugnación de los acuerdos de la administración central por los organismos autónomos /
Mención de responsabilidad, etc. por Manuel Alvarez Rico.
260 ## - PUBLICACIÓN, DISTRIBUCIÓN, ETC.
Lugar de publicación, distribución, etc. [S.l. :
Nombre del editor, distribuidor, etc. s.n.],
Fecha de publicación, distribución, etc. 1968.
300 ## - DESCRIPCIÓN FÍSICA
Extensión P. 13-17 ;
Dimensiones 30 cm.
500 ## - NOTA GENERAL
Nota general Es separata de: Boletín de Información del Ministerio de Obras Públicas, n. 131, noviembre 1968.
740 0# - ENTRADA AGREGADA--TÍTULO RELACIONADO/ANALÍTICO NO CONTROLADO
Título relacionado o analítico no controlado Boletín de información del Ministerio de Obras Públicas.
852 ## - LOCALIZACIÓN
Ubicación ES-MaACL
Número de control de estantería 2063-F-25
Sublocalización o colección R.68487
Holdings
Estatus retirado Estado de pérdida Estado de daño No para préstamo Colección Biblioteca de origen Biblioteca actual Ubicación en estantería Fecha de adquisición Fuente de adquisición Total de préstamos Signatura topográfica completa Código de barras Visto por última vez Precio de reemplazo Tipo de ítem Koha
        Colección de folletos Biblioteca del Ateneo de Madrid Biblioteca del Ateneo de Madrid Depósito folletos 17/01/2008     2063-F-25 1023486 23/02/2023 23/02/2023 Folleto